| 000 | 00663cab a2200229 4500 | ||
|---|---|---|---|
| 001 | ABS56552 | ||
| 008 | 090401t1997 xxu||||| |||| 00| 0 eng d | ||
| 035 | _a(Sirsi) u24476 | ||
| 041 | _aeng | ||
| 100 | _aHuxtable, J. | ||
| 245 | _aStudying the form | ||
| 260 | _c1997 | ||
| 350 | _a0 | ||
| 490 |
_aBuilding Procurement _vFebruary 1997, 8-9(2) |
||
| 520 | _aReviews the John Mowlem form of subcontract, highlighting potentially hazardous clauses. | ||
| 650 | _aCONTRACT CONDITIONS | ||
| 650 | _aJOHN MOWLEM FORM OF SUBCONTRACT | ||
| 650 | _aSUBCONTRACTS | ||
| 690 | _aBUILT ENVIRONMENT-BUILDING CONTRACT FORMS | ||
| 942 | _n0 | ||
| 948 | _c04/03/1997 | ||
| 999 |
_c16413 _d16413 |
||